Principles of literary criticism / (Record no. 9115)
[ view plain ]
| 000 -LEADER | |
|---|---|
| fixed length control field | 00781pam a2200265 a 4500 |
| 001 - CONTROL NUMBER | |
| JCCL Control Number | 9115 |
| 003 - CONTROL NUMBER IDENTIFIER | |
| JCCL marc code | BD-JhCC |
| 005 - DATE AND TIME OF LATEST TRANSACTION | |
| control field | 20180308182011.0 |
| 008 - FIXED-LENGTH DATA ELEMENTS--GENERAL INFORMATION | |
| fixed length control field | 850329t19851925cau b 001 0 eng |
| 020 ## - INTERNATIONAL STANDARD BOOK NUMBER | |
| International Standard Book Number | 0156745925 (pbk.) : |
| Terms of availability | 7.95 |
| 035 ## - SYSTEM CONTROL NUMBER | |
| system control number | (BD-JhCC)9115 |
| 040 ## - CATALOGING SOURCE | |
| Original cataloging agency | DLC |
| Transcribing agency | DLC |
| Modifying agency | DLC |
| -- | BD-JhCC |
| 041 ## - LANGUAGE CODE | |
| Language code of Book | eng |
| 050 00 - LIBRARY OF CONGRESS CALL NUMBER | |
| Classification number | PN81 |
| Item number | .R5 1985 |
| 082 00 - DEWEY DECIMAL CLASSIFICATION NUMBER | |
| Classification number | 801/.95 |
| DDC Edition number | 19 |
| Author mark and Year | RIC 1985 |
| 100 1# - MAIN ENTRY--PERSONAL NAME | |
| Personal name | Richards, I. A. |
| Fuller form of name | (Ivor Armstrong), |
| Dates associated with a name | 1893-1979. |
| 245 10 - TITLE STATEMENT | |
| Title | Principles of literary criticism / |
| Statement of responsibility, etc | I.A. Richards. |
| 260 ## - PUBLICATION, DISTRIBUTION, ETC. (IMPRINT) | |
| Place of publication, distribution, etc | San Diego : |
| Name of publisher, distributor, etc | Harcourt Brace Jovanovich, |
| Date of publication, distribution, etc | [1985], c1925. |
| 300 ## - PHYSICAL DESCRIPTION | |
| Pagination | 299 p. ; |
| Dimensions | 21 cm. |
| 500 ## - GENERAL NOTE | |
| General note | "A Harvest/HBJ book." |
| 504 ## - BIBLIOGRAPHY, ETC. NOTE | |
| Bibliography, etc | Includes bibliographical references and index. |
| 650 #0 - SUBJECT ADDED ENTRY--TOPICAL TERM | |
| Topical term or geographic name as entry element | Criticism. |
| 942 ## - ADDED ENTRY ELEMENTS (KOHA) | |
| Source of classification or shelving scheme | Dewey Decimal Classification |
| Koha item type | Books |
| Source of classification or shelving scheme | Damaged status | Not for loan | Home library | Current library | Shelving location | Total Checkouts | Full call number | Barcode | Date last seen | Copy number | Koha item type |
|---|---|---|---|---|---|---|---|---|---|---|---|
| Dewey Decimal Classification | JCC Rouf Library | JCC Rouf Library | General Stacks | 801/.95 RIC 1985 | 12120 | 03/08/2018 | C - 1 | Books |